Statistics for Largest Cities that Contain the Letter K

Click here to take the quiz!

General Stats

  • This quiz has been taken 237 times
    (73 since last reset)
  • The average score is 22 of 26

Answer Stats

HintAnswer% Correct
5,200,000Ankara
100%
28,900,000Jakarta
100%
40,800,000Tokyo
100%
20,500,000Bangkok
98%
4,200,000Dakar
98%
21,300,000Dhaka
98%
4,800,000Kabul
98%
23,100,000New York
98%
3,075,000Kathmandu
97%
3,475,000Kiev
97%
9,100,000Kuala Lumpur
97%
17,700,000Osaka
97%
15,000,000Kinshasa
95%
4,200,000Kuwait City
95%
3,275,000Frankfurt
93%
19,100,000Karachi
92%
17,400,000Kolkata
92%
6,850,000Khartoum
86%
3,600,000Tashkent
86%
3,975,000Kampala
78%
5,200,000Kano
75%
3,975,000Bamako
71%
7,300,000Hong Kong
69%
4,000,000Lucknow
47%
6,250,000Kunming
44%
3,600,000Kanpur
41%

Score Distribution

Percentile by Number Answered

Percent of People with Each Score

Your Score History

You have not taken this quiz since the last reset